000 00408nam a2200181Ia 4500
005 20240823055551.0
008 240823s9999||||xx |||||||||||||| ||und||
041 _aENGLISH
082 _A530 N4
100 _aAbhay Kumar Singh
245 0 _aProblems In Physics
250 _a1st
260 _c1994
_b"Wiley,New Delhi"
500 _aYES
650 _aPhysics
_bPhysics
942 _cBK
999 _c229088
_d229088